The Future is tomorrow 17 prospective studies

Na minha lista:
Detalhes bibliográficos
Formato: Livro
Idioma:Undetermined
Publicado em: Hague Nijhoff 1972
Assuntos:
Tags: Adicionar Tag
Sem tags, seja o primeiro a adicionar uma tag!
Thư viện lưu trữ: Trung tâm Học liệu Trường Đại học Cần Thơ
LEADER 00502nam a2200181Ia 4500
001 CTU_153833
008 210402s9999 xx 000 0 und d
082 |a 309.14055 
082 |b F993 
245 4 |a The Future is tomorrow 
245 0 |b 17 prospective studies 
260 |a Hague 
260 |b Nijhoff 
260 |c 1972 
650 |a Twenty-first century,Thế kỷ 21 
650 |x Forecasts,Dự báo 
904 |i Trọng Hiếu 
980 |a Trung tâm Học liệu Trường Đại học Cần Thơ